Effeeciency of water pump ase in saang district kandal province, ប្រសិទ្ធភាពនៃការប្រើប្រាស់ម៉ាស៊ីនបូមទឹកក្នុងស្រុកស្អាង ខេត្តកណ្ដាល (Record no. 4242)

000 -LEADER
fixed length control field 00614nam a22001337a 4500
040 ## - CATALOGING SOURCE
Transcribing agency RUA
082 ## - DEWEY DECIMAL CLASSIFICATION NUMBER
Classification number ATM HIN 2009 B196 Or.1
100 ## - MAIN ENTRY--AUTHOR NAME
Personal name HIN, LYHOUR.
245 ## - TITLE STATEMENT
Title Effeeciency of water pump ase in saang district kandal province, ប្រសិទ្ធភាពនៃការប្រើប្រាស់ម៉ាស៊ីនបូមទឹកក្នុងស្រុកស្អាង ខេត្តកណ្ដាល
260 ## - PUBLICATION, DISTRIBUTION, ETC. (IMPRINT)
Place of publication Phnom Penh
Name of publisher RUA
Year of publication 2009
300 ## - PHYSICAL DESCRIPTION
Number of Pages xi; 45p.
Other physical details ill.
Dimensions 29cm.
856 ## - ELECTRONIC LOCATION AND ACCESS
Uniform Resource Identifier https://drive.google.com/file/d/1awpNQM-5gtz0I2BtsR21FqeaPYfMd1dC/view?usp=sharing
942 ## - ADDED ENTRY ELEMENTS (KOHA)
Koha item type ATM
952 ## - LOCATION AND ITEM INFORMATION (KOHA)
Withdrawn status [LOCAL, KOHA] 0
952 ## - LOCATION AND ITEM INFORMATION (KOHA)
Withdrawn status [LOCAL, KOHA] 0
952 ## - LOCATION AND ITEM INFORMATION (KOHA)
Withdrawn status [LOCAL, KOHA] 0
952 ## - LOCATION AND ITEM INFORMATION (KOHA)
Withdrawn status [LOCAL, KOHA] 0
952 ## - LOCATION AND ITEM INFORMATION (KOHA)
Withdrawn status [LOCAL, KOHA] 0
952 ## - LOCATION AND ITEM INFORMATION (KOHA)
Withdrawn status [LOCAL, KOHA] 0
952 ## - LOCATION AND ITEM INFORMATION (KOHA)
Withdrawn status [LOCAL, KOHA] 0
952 ## - LOCATION AND ITEM INFORMATION (KOHA)
Withdrawn status [LOCAL, KOHA] 0
Holdings
Permanent Location Date acquired Koha item type Lost status Shelving location Barcode Current Location Full call number
Library Block B2015-12-08ATM B196RUA038939Library Block BATM HIN 2009 B196 Or.1
Library Block B2015-12-08ATM B196RUA039161Library Block BATM HIN 2009 B196 Or.2
Library Block B2015-12-08ATM B196RUA037905Library Block BATM HIN 2009 B196 Or.3
Library Block B2015-12-08ATM B196RUA44531Library Block BATM HIN 2009 B196 Or.4
Library Block B2015-12-08ATM B196RUA43749Library Block BATM HIN 2009 B196 Or.5
Library Block B2015-12-08ATM B196RUA42089Library Block BATM HIN 2009 B196 Or.6
Library Block B2015-12-08ATM B196RUA41581Library Block BATM HIN 2009 B196 Or.7
Library Block B2015-12-08ATM B196RUA41743Library Block BATM HIN 2009 B196 Or.8
មជ្ឈមណ្ឌលឯការនៃសាកលវិទ្យាល័យភូមិន្ទកសិកម្មចំការដូង

Powered by Koha